000 00311nam a2200109Ia 4500
008 220204s9999 xx 000 0 und d
082 _a339.13.053(06)
_bdre
100 _aDREZE, J H
245 0 _aAllocation under uncertainity: Equilibrium and optimality
260 _aGreat Britain
_bMacmillan
_c1974
942 _cBK
999 _c28197
_d28197